Counting the costs (Record no. 83362)
[ view plain ]
| 000 -LEADER | |
|---|---|
| fixed length control field | 00779cab a22002055a 4500 |
| 001 - CONTROL NUMBER | |
| control field | L153751 |
| 008 - FIXED-LENGTH DATA ELEMENTS--GENERAL INFORMATION | |
| fixed length control field | 110824e20110820xxk 000 0 eng d |
| 035 ## - SYSTEM CONTROL NUMBER | |
| System control number | (Sirsi) u153751 |
| 041 0# - LANGUAGE CODE | |
| Language code of text/sound track or separate title | eng |
| 100 1# - MAIN ENTRY--PERSONAL NAME | |
| Personal name | Bijlani, Charlotte |
| 245 00 - TITLE STATEMENT | |
| Title | Counting the costs |
| 260 ## - PUBLICATION, DISTRIBUTION, ETC. | |
| Date of publication, distribution, etc. | 2011 |
| 490 ## - SERIES STATEMENT | |
| Series statement | Estates Gazette |
| Volume/sequential designation | (1133) 20 August 2011, 59(1) |
| 520 ## - SUMMARY, ETC. | |
| Summary, etc. | Explains how UK retail and leisure businesses can recover from the damage caused by the recent rioting. Examines the compensation available from the Riot (Damages) Act 1886 and the problems caused by loss of rent, rent suspensions and the threat of squatters moving into empty properties. |
| 590 ## - LOCAL NOTE (RLIN) | |
| Local note | KA |
| 651 #4 - SUBJECT ADDED ENTRY--GEOGRAPHIC NAME | |
| Geographic name | United Kingdom |
| 690 ## - LOCAL SUBJECT ADDED ENTRY--TOPICAL TERM (OCLC, RLIN) | |
| Topical term or geographic name as entry element | COMMERICAL PROPERTY |
| 700 1# - ADDED ENTRY--PERSONAL NAME | |
| Personal name | Patterson, Catherine |
| 942 ## - ADDED ENTRY ELEMENTS (KOHA) | |
| Suppress in OPAC | 0 |
| Withdrawn status | Lost status | Source of classification or shelving scheme | Damaged status | Not for loan | Home library | Current library | Shelving location | Date acquired | Total Checkouts | Full call number | Barcode | Date last seen | Copy number | Price effective from | Koha item type |
|---|---|---|---|---|---|---|---|---|---|---|---|---|---|---|---|
| Dewey Decimal Classification | London | London | Journal article | 24/08/2011 | L153751 | 153751-1001 | 06/08/2019 | 1 | 06/08/2019 | Journal article |